000 002850000a22001090004500
100 1 _aMilován, Guillermo
245 1 0 _aLa ecología en la Biblia
300 _aVol.49, núm.210 (1994), Páginas 12-13
650 1 4 _aBIBLIA-ECOLOGÍA
773 0 _tLa Biblia en las Américas
942 _cANA
999 _c62915
_d62915